| 000 | 01114nam a22002537a 4500 | ||
|---|---|---|---|
| 005 | 20081120122758.0 | ||
| 008 | 081120t xxu||||| |||| 00| 0 ur d | ||
| 010 | _aB-283819 , UR-7534 | ||
| 020 |
_a8182233909 _c350.00 |
||
| 035 | _aB-283819 | ||
| 035 | _aU-6089 | ||
| 040 |
_aDPL _bUR |
||
| 082 | _a840.8 | ||
| 100 | _aمخمور صدری | ||
| 245 |
_aاردو میں ترقّی پسند تنقید _b _cمخمور صدری |
||
| 246 |
_aUrdu mein taraqqi pasand tanqeed _bby Makhmoor Sadri |
||
| 260 |
_aدہلی _bایجوکیشنل پبلشنگ ہاؤس _c2008 |
||
| 300 |
_a234 p. _c22 cm . |
||
| 650 | _a اردو ادب تنقید | ||
| 650 | _aUrdu literature criticism | ||
| 942 |
_2ddc _cUR _h840.8 _mم خ م |
||
| 999 |
_c18854 _d18854 |
||